[Event "Wch U10"]
[Site "Montesilvano"]
[Date "2024.11.23"]
[Round "8"]
[White "Nikitakis, Michail"]
[Black "Tugsbilguun, Dagvanamdag"]
[Result "0-1"]
[WhiteElo "1818"]
[BlackElo "1660"]
[PlyCount "54"]
[EventDate "2024.11.15"]
[EventType "swiss"]
[EventRounds "11"]
[EventCountry "ITA"]
[SourceTitle "CB48_2024"]
[SourceDate "2024.11.28"]
[SourceVersion "1"]
[SourceVersionDate "2024.11.28"]
[SourceQuality "1"]

1. e4 c5 2. Nf3 d6 3. d4 cxd4 4. Nxd4 Nf6 5. Nc3 a6 6. f3 e5 7. Nb3 Be6 8. Be3 Nbd7 9. g4 b5 10. Qd2 b4 11. Na4 Rb8 12. g5 Nh5 13. Bxa6 Qc7 14. c4 Be7 15. Rg1 0-0 16. Rc1 Nf4 17. h4 Qc6 18. Bb5 Rxb5 19. cxb5 Qxb5 20. Bxf4 exf4 21. Nd4 Qxa4 22. Nc6 Bd8 23. Nxd8 Rxd8 24. Qxd6 Qa7 25. Rf1 Qe3+ 26. Kd1 Bxa2 27. Kc2 Rc8+ 0-1

[Event "Wch U10"]
[Site "Montesilvano"]
[Date "2024.11.20"]
[Round "6"]
[White "Nikitakis, Michail"]
[Black "Fuentes De Nova, Sebastian"]
[Result "0-1"]
[WhiteElo "1818"]
[BlackElo "1929"]
[PlyCount "40"]
[EventDate "2024.11.15"]
[EventType "swiss"]
[EventRounds "11"]
[EventCountry "ITA"]
[SourceTitle "CB48_2024"]
[SourceDate "2024.11.28"]
[SourceVersion "1"]
[SourceVersionDate "2024.11.28"]
[SourceQuality "1"]

1. e4 e5 2. Nf3 Nc6 3. Bb5 a6 4. Ba4 Nf6 5. 0-0 Nxe4 6. d4 b5 7. Bb3 d5 8. dxe5 Be6 9. Nbd2 Nc5 10. c3 d4 11. Bxe6 Nxe6 12. cxd4 Ncxd4 13. a4 Bb4 14. axb5 Nxb5 15. Qe2 0-0 16. Ne4 Nbd4 17. Qd3 Qd5 18. Nfg5 Nxg5 19. Nxg5 g6 20. Be3 Nf3+ 0-1

[Event "Wch U10"]
[Site "Montesilvano"]
[Date "2024.11.18"]
[Round "4"]
[White "Nikitakis, Michail"]
[Black "Della Penna, Leonardo"]
[Result "1-0"]
[WhiteElo "1818"]
[BlackElo "1675"]
[PlyCount "70"]
[EventDate "2024.11.15"]
[EventType "swiss"]
[EventRounds "11"]
[EventCountry "ITA"]
[SourceTitle "CB48_2024"]
[SourceDate "2024.11.28"]
[SourceVersion "1"]
[SourceVersionDate "2024.11.28"]
[SourceQuality "1"]

1. e4 c5 2. Nf3 d6 3. d4 cxd4 4. Nxd4 Nf6 5. Nc3 a6 6. f3 e5 7. Nb3 Be6 8. Be3 h5 9. Qd2 Nbd7 10. 0-0-0 b5 11. Qf2 Rc8 12. Kb1 Qc7 13. Nd5 Nxd5 14. exd5 Bf5 15. Bd3 Bxd3 16. Rxd3 b4 17. c3 Nc5 18. Bxc5 dxc5 19. c4 Bd6 20. Nd2 a5 21. Ne4 f6 22. Qg3 Kf7 23. Qh3 Qe7 24. Qe6+ Qxe6 25. dxe6+ Kxe6 26. Rxd6+ Ke7 27. Rhd1 Rc7 28. R6d5 Rhc8 29. Nd6 Rg8 30. Nb5 Rcc8 31. Rd7+ Ke8 32. Ra7 Rb8 33. Rdd7 Kf8 34. Rf7+ Ke8 35. Nd6+ Kd8 1-0

[Event "EU-ch U10"]
[Site "Prague"]
[Date "2024.08.26"]
[Round "5"]
[White "Dermenjyan, Harutyun"]
[Black "Nikitakis, Michail"]
[Result "1/2-1/2"]
[WhiteElo "1416"]
[BlackElo "1845"]
[PlyCount "62"]
[EventDate "2024.08.22"]
[EventType "swiss"]
[EventRounds "9"]
[EventCountry "CZE"]
[SourceTitle "CBM 221 Extra"]
[Source "ChessBase"]
[SourceDate "2024.09.30"]
[SourceVersion "1"]
[SourceVersionDate "2024.09.30"]
[SourceQuality "1"]

1. d4 Nf6 2. c4 e6 3. Nc3 Bb4 4. Bg5 c5 5. a3 Bxc3+ 6. bxc3 Qa5 7. Bd2 Ne4 8. Qc2 Nxd2 9. Qxd2 Nc6 10. e3 d5 11. Nf3 dxc4 12. Bxc4 b5 13. Bd3 c4 14. Be4 Bb7 15. 0-0 Qc7 16. Qb2 f5 17. Bc2 Ba6 18. a4 Rb8 19. axb5 Bxb5 20. Qa3 a6 21. d5 exd5 22. Qc5 Qd7 23. Rfd1 Ne7 24. e4 fxe4 25. Bxe4 0-0 26. Bxd5+ Nxd5 27. Rxd5 Qb7 28. Ne5 Rfd8 29. Rad1 Rxd5 30. Rxd5 Re8 31. h3 h6 1/2-1/2

[Event "EU-ch U10"]
[Site "Prague"]
[Date "2024.08.25"]
[Round "4"]
[White "Nikitakis, Michail"]
[Black "Llari, Marc"]
[Result "0-1"]
[WhiteElo "1845"]
[BlackElo "2224"]
[PlyCount "60"]
[EventDate "2024.08.22"]
[EventType "swiss"]
[EventRounds "9"]
[EventCountry "CZE"]
[SourceTitle "CBM 221 Extra"]
[Source "ChessBase"]
[SourceDate "2024.09.30"]
[SourceVersion "1"]
[SourceVersionDate "2024.09.30"]
[SourceQuality "1"]

1. e4 e5 2. Nf3 Nc6 3. Bb5 a6 4. Ba4 d6 5. 0-0 Bg4 6. Nc3 b5 7. Nxb5 axb5 8. Bxb5 Bd7 9. c3 Be7 10. d4 Nf6 11. Re1 0-0 12. Bg5 h6 13. Bh4 exd4 14. cxd4 Na5 15. Bd3 Nh5 16. Bg3 Nxg3 17. fxg3 c5 18. dxc5 dxc5 19. b3 Be6 20. Qe2 Qb6 21. Kh1 Rac8 22. Rac1 Rfd8 23. Qe3 Qb4 24. e5 c4 25. bxc4 Nxc4 26. Qe4 g6 27. Bxc4 Rxc4 28. Qe3 Rxc1 29. Rxc1 Kg7 30. a3 Qxa3 0-1

[Event "GRE-ch U16"]
[Site "Peristeri"]
[Date "2024.06.27"]
[Round "8"]
[White "Nikitakis, Michail"]
[Black "Toumpakaris, Grigorios Emmanouil"]
[Result "1-0"]
[WhiteElo "1762"]
[BlackElo "1752"]
[PlyCount "97"]
[EventDate "2024.06.22"]
[EventType "swiss"]
[EventRounds "9"]
[EventCountry "GRE"]
[SourceTitle "EXT 2025"]
[Source "ChessBase"]
[SourceDate "2024.10.14"]
[SourceVersion "1"]
[SourceVersionDate "2024.10.14"]
[SourceQuality "1"]

1. e4 e5 2. Nf3 Nc6 3. Bb5 Nd4 4. Nxd4 exd4 5. 0-0 Bc5 6. d3 c6 7. Ba4 d6 8. f4 Ne7 9. f5 d5 10. Nd2 Qc7 11. Qh5 Bd7 12. f6 gxf6 13. Rxf6 0-0-0 14. Nf3 Qa5 15. Bf4 Be6 16. Bb3 Ng6 17. Bd2 Qb6 18. Ng5 Be7 19. Nxe6 Bxf6 20. Nxd8 Rxd8 21. Qf5+ Rd7 22. Qxf6 dxe4 23. dxe4 d3+ 24. Qf2 Qxf2+ 25. Kxf2 dxc2 26. Bc3 Nf4 27. Bxc2 Nd3+ 28. Bxd3 Rxd3 29. Ke2 Rd6 30. Rf1 Rd7 31. Rf6 Re7 32. Kf3 Rd7 33. Rh6 f5 34. exf5 Rf7 35. g4 c5 36. Kf4 Kd7 37. g5 b5 38. Ra6 Ke8 39. Kg4 b4 40. Bh8 Rc7 41. g6 Kf8 42. g7+ Kg8 43. Rd6 Rc8 44. Rd7 c4 45. f6 h5+ 46. Kxh5 Rc5+ 47. Kg6 Rg5+ 48. Kxg5 Kh7 49. Rd8 1-0

[Event "GRE-ch U16"]
[Site "Peristeri"]
[Date "2024.06.23"]
[Round "2"]
[White "Nikitakis, Michail"]
[Black "Papaspyropoulos, Georgios"]
[Result "1-0"]
[WhiteElo "1762"]
[BlackElo "1481"]
[PlyCount "105"]
[EventDate "2024.06.22"]
[EventType "swiss"]
[EventRounds "9"]
[EventCountry "GRE"]
[SourceTitle "EXT 2025"]
[Source "ChessBase"]
[SourceDate "2024.10.14"]
[SourceVersion "1"]
[SourceVersionDate "2024.10.14"]
[SourceQuality "1"]

1. e4 d5 2. exd5 Qxd5 3. Nc3 Qd6 4. d4 Nf6 5. Nf3 c6 6. Ne5 Nbd7 7. f4 g6 8. Bc4 Nd5 9. Qf3 N7f6 10. Bd2 Be6 11. Bxd5 Nxd5 12. Ne4 Qc7 13. Ng5 Qd6 14. 0-0-0 0-0-0 15. Ngxf7 Bxf7 16. Nxf7 Qf6 17. Nxd8 Kxd8 18. c4 Nb6 19. d5 Na4 20. Bc3 Nxc3 21. Qxc3 Qxf4+ 22. Kb1 Rg8 23. dxc6+ Ke8 24. Qa5 Qe4+ 25. Ka1 bxc6 26. Rd8+ Kf7 27. Rf1+ Kg7 28. Qc3+ e5 29. Rd7+ Kh8 30. Qh3 Bg7 31. Qe6 Qxg2 32. Rfd1 e4 33. R7d2 Qg5 34. Qxe4 Rf8 35. a3 c5 36. Qd5 Qxd5 37. Rxd5 Bd4 38. Rd2 Rf1+ 39. Ka2 Kg7 40. Re2 Rf7 41. b4 Rc7 42. b5 Kh6 43. a4 Rf7 44. a5 Rf1 45. Rd7 Ra1+ 46. Kb3 Rb1+ 47. Kc2 Rb2+ 48. Kd3 Rxe2 49. Kxe2 Bc3 50. Rxa7 Be5 51. b6 Bxh2 52. Rc7 Bd6 53. a6 1-0

[Event "GRE-ch U08"]
[Site "Peristeri"]
[Date "2023.07.07"]
[Round "7"]
[White "Nikitakis, Michail"]
[Black "Kalonomos, Ioannis"]
[Result "1-0"]
[WhiteElo "1544"]
[BlackElo "1120"]
[PlyCount "103"]
[EventDate "2023.07.03"]
[EventType "swiss"]
[EventRounds "9"]
[EventCountry "GRE"]
[SourceTitle "EXT 2024"]
[Source "ChessBase"]
[SourceDate "2023.10.10"]
[SourceVersion "1"]
[SourceVersionDate "2023.10.10"]
[SourceQuality "1"]

1. e4 e5 2. Nf3 Nc6 3. Bb5 a6 4. Ba4 d6 5. 0-0 Bd7 6. c3 Nf6 7. Re1 g6 8. d4 b5 9. Bc2 Bg7 10. h3 0-0 11. Nbd2 Re8 12. Nf1 Nh5 13. Be3 Qc8 14. Bb3 Na5 15. Ng5 Nxb3 16. Qxb3 Be6 17. Nxe6 Qxe6 18. d5 Qd7 19. Qd1 Nf4 20. Bxf4 exf4 21. Nd2 f5 22. Qc2 fxe4 23. Rxe4 Be5 24. Nf3 Qf5 25. Rae1 Re7 26. Qb3 Rae8 27. Qa3 Qc8 28. Nd4 Bf6 29. Rxe7 Rxe7 30. Rxe7 Bxe7 31. Ne6 g5 32. Qa5 c6 33. Qc7 Qxc7 34. Nxc7 cxd5 35. Nxa6 Bd8 36. Nb4 d4 37. cxd4 Bb6 38. Nc2 Kf7 39. Kf1 Ke6 40. Ke2 Kd5 41. Kd3 h5 42. Nb4+ Ke6 43. Ke4 Ba5 44. Nc6 Be1 45. d5+ Kf6 46. f3 Bd2 47. b3 b4 48. Kd3 Bc3 49. Kc4 Kf5 50. Nxb4 Bxb4 51. Kxb4 g4 52. a4 1-0